000 00829nam a2200229Ia 4500
008 160404s9999 xx 000 0 und d
020 _a971-08-6361-4
050 _aFIL HF 5635
050 _b.H37 2003
100 _aHarina, Ricardo M.
245 _aCollege accounting 1 :
245 _bsingle proprietorship for service and merchandising businesses, special journals, voucher system and payroll accounting for B.S. accountancy students : includes computerized accounting and payroll : programs using microsoft exl spreadsheet : program in tw
245 _cRicardo M. Harina.
260 _aMandaluyong:
260 _bNational Book Store,
260 _c2003
300 _a256 pages :
300 _billustrations ;
300 _c25 cm.
650 _aAccounting.
650 _xAccounting -- Problems, exercises, etc.
999 _c293214
_d293214